Úlohy novej slovenskej ústavy

Bibliographic Details
Main Author: Ďurica, Milan S., 1925-2024 (Author)
Format: Article
Language:Slovak
PhysicalDescription:Fotogr.
ISSN:1335-9959
Subjects:

MARC

LEADER 00000nab a2200000 ar4500
001 vtls009183098
003 SK-MaSNL
005 20260426094109.0
008 080211|2008 xo ||||||||||||00 b|slo
015 |a SNBRB2008/02  |2 snkbucl 
038 |a SNKBUCL 
040 |a SNKBUCL  |b slo  |e AACR2  |c SNKBUCL 
041 0 |a slo 
044 |a xo  |c SK 
080 |a 342.534.2  |x (437.6)  |2 2001 
080 |a 342.4  |x (437.6)  |2 2001 
100 1 |a Ďurica, Milan S.,  |d 1925-2024  |4 aut  |9 93495 
245 1 0 |a Úlohy novej slovenskej ústavy  |c Milan S. Ďurica 
300 |b Fotogr. 
630 0 7 |a Ústava Slovenskej republiky  |2 snkbucl  |9 15255 
650 0 7 |a poslanecká imunita  |2 snkbucl  |9 1331 
651 7 |a Slovensko  |2 snkbucl  |9 14231 
773 0 |t Dimenzie  |g Roč. VIII., č. 1 (2008), s. 42-45  |x 1335-9959 
852 |a SNK  |b KIS3GCP 
999 |c 3125313  |d 3127243